000 08930nam a22001577a 4500
005 20260106094300.0
008 260106b |||||||| |||| 00| 0 eng d
010 _a2021950368
020 _a9781350271982
100 _aToyin Falola Toyin falola
_dToyin Falola,2022,2023.
_f2023
245 _aAfrican Spirituality ,Politics, and Knowledge Systems:
_b:Sacred Words and Holy Realms/
_cFalola,Toyin
250 _aseries
260 _aUK;
_bBloomsbury Publishing PLC,
_c2023.
300 _a26cm
942 _2lcc
999 _c102
_d102